| 000 | 00634nam a2200229 i 4500 | ||
|---|---|---|---|
| 001 | bg | ||
| 100 | 1 | _aDodziuk, Anna. | |
| 245 | 0 |
_aTrudna nadzieja / _cAnna Dodziuk. |
|
| 260 |
_aWarszawa : _bWydawnictwo Edukacyjne Państwowej Agencji Rozwiązywania Problemów Alkoholowych, _c2005. |
||
| 300 |
_a64 s. ; _c21 cm. |
||
| 650 | 9 |
_aAlkoholizm _xzapobieganie i zwalczanie _xmetody |
|
| 655 | _aWydawnictwa popularne | ||
| 020 | _a8386103027 | ||
| 040 | _cBPK | ||
| 041 | 0 | _apol | |
| 044 | _aPOL | ||
| 080 | _a613.81 | ||
| 920 | _a83-86103-02-7 | ||
| 942 | _cKS | ||
| 008 | s pl f |000 0 pol | ||
| 999 |
_c50832 _d50832 |
||
| 856 |
_uhttp://koha.tu.koszalin.pl/cgi-bin/koha/opac-detail.pl?biblionumber=50832 _yKatalog online BPK |
||